000 00979nam a2200253 i 4500
001 184285
003 ES-MaACL
005 20231118182343.0
008 150610s2014 sp |||| | spa d
020 _a978-84-617-1698-2
080 _a32:304
245 0 3 _aLa Comunidad
_b: manifiesto político : ideario, análisis y propuestas /
_c[Pablo Ibáñez].
246 3 7 _aLa Comunidad. Partido para la Defensa y Protección del Bien Común
_b: manifiesto político
250 _a1ª ed. impresa.
260 _a[Madrid :
_bLa Comunidad],
_c2014 (
_fPlanet Print Európolis)
300 _a181 p. ;
_c21 cm.
500 _aÍndice.
650 4 _aBien común.
_9156263
700 1 _aIbáñez, Pablo.
_9156989
852 _aES-MaACL
_jA-13510
_zDedicatoria autógrafa del autor
_9191281
_bR.150251
_cDEPO1
_dOlim: N-6510
_gDedicatoria autógrafa del autor
_hDonación: Pablo Ibáñez
903 _9156989
_aIbáñez, Pablo
_ednr
942 _2udc
_cMONOGRAFIA
999 _c184285
_d184285